Pururambo - Nová Guinea

Bibliographic Details
Other Authors: Barabáš, Pavol, 1959- (Director)
Format: Video DVD
Language:Slovak
English
PhysicalDescription:1 videodisk (DVD) (53 min.) zvuk DD 5.1, fareb., PAL 4:3
Published: Bratislava K2 studio 2006
Series:Grand Prix kolekcia
Subjects:

MARC

LEADER 00000ngm a2200000 a 4500
001 vtls009472687
003 SK-MaSNL
005 20260301040828.0
007 vd cvaizs
008 251029s2006 xo 053 g vlslo
015 |a SNBJ2010/02-01305 
040 |a SNK  |b slo  |c SNK  |e AACR2 
041 0 |a slo  |a eng 
043 |a a-nw--- 
044 |a xo  |c SK 
072 7 |a 791  |x Film. Cirkus. Ľudová zábava  |2 konspekt 
072 7 |a 91  |x Geografia ako veda. Výskum. Cestovanie  |2 konspekt 
080 |a 791.229.2  |2 2001 
080 |a 910.3/.4  |2 2001 
080 |a (292.95)  |2 2001 
080 |a (0.034.44)  |2 2001 
245 0 0 |a Pururambo - Nová Guinea  |h videozáznam  |c [réžia] Pavol Barabáš 
260 |a Bratislava  |b K2 studio  |c 2006 
300 |a 1 videodisk (DVD) (53 min.)  |b zvuk DD 5.1, fareb., PAL 4:3 
490 1 |a Grand Prix kolekcia  |v 8 
586 |a Najlepší dokumentárny film, Envirofilm (Slovensko), 2006 
650 0 7 |a dokumentárne filmy  |2 SNKPH  |9 3400 
650 0 7 |a objavné cesty  |2 SNKPH  |9 82735 
651 7 |a Nová Guinea (ostrov)  |2 SNKPH  |9 204640 
655 7 |a DVD  |2 SNKPH  |9 70751 
700 1 |a Barabáš, Pavol,  |d 1959-  |4 drt  |9 188561 
830 0 |a Grand Prix kolekcia  |9 341628 
999 |c 586972  |d 588902 
952 |a SNK  |b SNK  |y PREZ  |7 0  |p 17A0608997  |o snkSDVD 43/8  |i snk2009/2548  |8 0  |0 0  |1 0  |4 0  |d 2009-02-13  |l 0  |r 2026-02-23 15:12:39  |w 2026-02-23